GETS Theological Seminary Library

在天国与尘世之间: (Record no. 21514)

MARC details
000 -LEADER
fixed length control field 00573nam a2200193Ia 4500
008 - FIXED-LENGTH DATA ELEMENTS--GENERAL INFORMATION
fixed length control field 200826s9999||||xx |||||||||||||| ||und||
020 ## - INTERNATIONAL STANDARD BOOK NUMBER
International Standard Book Number 7506027658
020 ## - INTERNATIONAL STANDARD BOOK NUMBER
International Standard Book Number 9787506027656
041 ## - LANGUAGE CODE
Language code of text/sound track or separate title chi
050 ## - LIBRARY OF CONGRESS CALL NUMBER
Classification number BR115.C8
Item number .Z462 2007
100 ## - MAIN ENTRY--PERSONAL NAME
Personal name 赵林
245 #0 - TITLE STATEMENT
Title 在天国与尘世之间:
Remainder of title 赵林演讲集 (2) /
Statement of responsibility, etc. 赵林
246 ## - VARYING FORM OF TITLE
Title proper/short title 在天國與塵世之間 :
Remainder of title 趙林演講集(2) /
260 ## - PUBLICATION, DISTRIBUTION, ETC.
Place of publication, distribution, etc. 北京 :
Name of publisher, distributor, etc. 東方出版社,
Date of publication, distribution, etc. 2007
300 ## - PHYSICAL DESCRIPTION
Extent 1, 173 p.
Other physical details ;
Dimensions 24 cm.
650 ## - SUBJECT ADDED ENTRY--TOPICAL TERM
Topical term or geographic name entry element Christianity and culture.
650 ## - SUBJECT ADDED ENTRY--TOPICAL TERM
Topical term or geographic name entry element Christianity Philosophy.
Holdings
Withdrawn status Lost status Damaged status Not for loan Home library Current library Shelving location Date acquired Total Checkouts Full call number Barcode Date last seen Price effective from Koha item type
        GETS Theological Seminary Library GETS Theological Seminary Library General Stacks 08/26/2020   BR115.C8 .Z462 2007 00009147 08/26/2020 08/26/2020 Chinese Book
OpacCredits

Contact the Librarian, GETS Library
Email: library@mygets.org









Implemented by GETS Library
(Powered by ETCA Professional Group)
GETS Theological Seminary
412 E. Rowland Street, CA 91723